Taylor Swift songs that start with "I" - Statistics

General Stats
  • This quiz has been taken 19 times
  • The average score is 19 of 26
Answer Stats
Answer % Correct
I Can See You
89%
I Forgot That You Existed
89%
illicit affairs
89%
Invisible
89%
invisible string
89%
Is It Over Now?
89%
I Bet You Think About Me
78%
I Can Do It With a Broken Heart
78%
I Did Something Bad
78%
If This Was a Movie
78%
I Know Places
78%
I Look in People's Windows
78%
imgonnagetyouback
78%
I Think He Knows
78%
I Almost Do
67%
I Can Fix Him (No Really I Can)
67%
I Don't Wanna Live Forever
67%
I Hate It Here
67%
I Heart ?
67%
I Knew You Were Trouble
67%
I'm Only Me When I'm With You
67%
Innocent
67%
It's Nice to Have a Friend
67%
it's time to go
67%
I Wish You Would
67%
ivy
56%
No matching quizzes found
Score Distribution
Percent of People with Each Score
Percentile by Number Answered
Your Score History
You have not taken this quiz